Starcev, V.I.: Russkaja buržuazija i samoderžavije v 1905-1917 gg

Bibliographic Details
Main Authors: N.K (Author), Krajčovičová, Natália, 1936- (Author), Starcev, V.I (Author)
Format: Article
Language:Slovak
Subjects:

MARC

LEADER 00000nab a2200000 a 4500
001 vtls000047677
003 SK-MaSNL
005 20260304071719.0
008 250422c1979 xo 0 slo
015 |a SNBRB19rr/mm-uuuuu 
035 |a CL0057773 
035 |a (urnnbn)urn:nbn:sk:snk:ar-004vhf 
035 |a (uuid)9cd04fe6-2958-4e7f-bd47-2d3a84090342 
035 |a urn:nbn:sk:snk-ab7u70 
040 |a SNKBUCL  |b slo  |c SNKBUCL  |e AACR2 
041 0 |a slo 
044 |a xo  |c SK 
080 |a 947  |2 1981 
100 1 |a N.K.  |4 aut  |9 962172 
245 1 0 |a Starcev, V.I.: Russkaja buržuazija i samoderžavije v 1905-1917 gg  |c N.K. ; Nataša Krajčovičová, V.I. Starcev 
650 0 7 |a buržoázia  |2 snkbucl  |9 4870 
651 7 |a Rusko  |2 snkbucl  |9 17250 
655 7 |a články z novín a časopisov  |2 snkbucl  |9 267496 
700 1 |a Krajčovičová, Natália,  |d 1936-  |4 aut  |9 105704 
700 1 |a Starcev, V.I.  |4 aut  |9 1359123 
773 0 |t Historický časopis  |g Roč. 23, č. 3 (1979), s. 447-448 
787 0 8 |i Rec.:  |a Starcev, V.I.  |t Russkaja buržuazija i samoderžavije v 1905-1917 gg  |d Leningrad, 1977 
850 |a Slovenská národná knižnica 
852 |a Slovenská národná knižnica 
954 |a odborná, vedecká literatúra pôvodná (slovenská)  |2 lita 
958 |a article9 
958 |a OND 
958 |a RK 
958 |a SK 
958 |a EUIPO 
992 |a RBX 
999 |c 2761701  |d 2763631